Câu đối tết /

Tallennettuna:
Bibliografiset tiedot
Päätekijä: Xuân Tâm.
Aineistotyyppi: Artikkeli
Kieli:Vietnamese
Aiheet:
Tagit: Lisää tagi
Ei tageja, Lisää ensimmäinen tagi!
Thư viện lưu trữ: Thư viện Trường Đại học Đà Lạt
LEADER 00666nam a2200253 4500
001 DLU130148165
005 ##20130529
040 # # |a DLU  |b vie 
041 # # |a vie 
044 # # |a vn 
100 # # |a Xuân Tâm. 
245 # # |a Câu đối tết /  |c Xuân Tâm. 
653 # # |a Bản sắc văn hóa 
653 # # |a Câu đối 
653 # # |a Tết Nguyên đán 
773 # # |t Lang Bian  |g Số 25, 2000, tr. 71-72 
920 # # |a Phòng Tạp chí -- Trung tâm Thông tin - Thư viện Trường Đại học Đà Lạt 
900 # # |a True 
911 # # |a Hoàng Thị Huyền 
925 # # |a G 
926 # # |a A 
927 # # |a BB 
980 # # |a Thư viện Trường Đại học Đà Lạt